Eine nicht zustande gekommene Stiftungsprofessur für Wirtschaftsgeographie an der Friedrich-Wilhelms-Universität Breslau 1919-1929
| Titel: | Eine nicht zustande gekommene Stiftungsprofessur für Wirtschaftsgeographie an der Friedrich-Wilhelms-Universität Breslau 1919-1929 / Jürgen W. Schmidt, Berlin |
|---|---|
| Verfasser: | |
| In: |
Schlesische Geschichtsblätter, Band 45, Heft 3 (2018), Seite 95-106 alle Artikel anzeigen |
| Veröffentlicht: | 2018 |
| Format: | Aufsatz |
| Sprache: | Deutsch |
X
alg: 49209025 001A $03025:20-03-22 001B $01999:20-03-22 $t22:08:10.000 001D $03025:20-03-22 001U $0utf8 001X $00 002@ $0Aou 002C $aText $btxt $2rdacontent 002D $aohne Hilfsmittel zu benutzen $bn $2rdamedia 002E $aBand $bnc $2rdacarrier 003@ $0492090254 007A $0492090254 $aHEB 010@ $ager 010E $erda 011@ $a2018 021A $aEine @nicht zustande gekommene Stiftungsprofessur für Wirtschaftsgeographie an der Friedrich-Wilhelms-Universität Breslau 1919-1929 $hJürgen W. Schmidt, Berlin 028A $BVerfasser $4aut $7131915118 $8Schmidt, Jürgen W.$Z1958- [Tp3] $9180122533 031A $d45 $e3 $h95-106 $j2018 039B $aEnthalten in $8--Abvc--. Schlesische Geschichtsblätter. - Karlstadt : Verein für Geschichte Schlesiens, 1908-. - ISSN 2190-4871 $x201800000450003905 $9047349034 044K $#Leonhard, Rudolf $#Leonhard, Rudolph $7124663419 $8Leonhard, Rudolf$Z1879-1918 [Tp1] $9123233992 044K $RNiederschlesien $#Breslau $#Wrocław $#Wrotizla $#Breßlau $#Breßlaw $#Vroclav $#Vratislav $#Vratislavia $#Vratislauiae $#Bresslau $#Wratislavia $#Brassel $#Bresla $#Wratislava $#Smirna $#Breslavia $#Wroclaw $74008216-7 $8Breslau [Tg1] $9085014184 044K $RLehrstuhl $77708256-4 $8Stiftungsprofessur [Ts1] $9224870963 044K $RAnthropogeografie $RSozialgeografie $RRaumwirtschaftstheorie $#Economic geography $#Géographie économique $#Geografía económica $#economic geography $#Wirtschaftsgeographie $#Wirtschaftsgeographie $#Wirtschaftsgeographie $#Ökonomische Geographie $#Ökonomische Geografie $74066446-6 $8Wirtschaftsgeografie [Ts1] $9085186740 044K $RInflationstheorie $RPreisstabilität $#Inflation (Finance) $#Inflation $#Inflazione $#Inflación $#inflation $#Inflation $#Inflation $#Geldentwertung $74026887-1 $8Inflation [Ts1] $9085067601 045F $a370.9438509042 $eDDC23BSB 045F/01 $a370.9 045F/03 $f09042 045F/03 $g4385 045R $aGeschichte 1919-1929 045T $a7,41 $a8,1 $a9,10 lok: 49209025 78 exp: 49209025 78 1 #EPN 201B/01 $024-07-23 $t12:49:46.000 201C/01 $020-03-22 201U/01 $0utf8 203@/01 $01186835648 208@/01 $a20-03-22 $be 209A/01 $a/ $f000 $x00 209A/01 $ab*p $x01 209A/01 $aSchmidt: "Mittels eines Testaments vom 7. September 1916 vermachte der aus Breslau gebürtige und am 18. Oktober 1918 in München im Alter von 39 Jahren verstorbene, außerordentliche Professor für Nationalökonomie Dr. phil. et rer. pol. Rudolf Leonhard der Philosophischen Fakultät der Friedrich-Wilhelms-Universität zu Breslau ein Kapital von 200 000 Mark. Damit sollte eine "Professor-Dr.-Richard-Leonhard-Stiftung" zu Ehren seines vor drei Jahren, im Juni 1915 verstorbenen Bruders Richard errichtet werden." $x03 209S/01 $uhttps://www.vfgs.eu/index.php?cat=Publikationen%20ab%201971&file=Eine_nicht_zustande_gekommene_Stiftungsprofessur_fuer_Wirtschaftsgeographie.pdf $XH 220C/01 $apgar 244Z/01 $#Generalgouvernement Polen $#Polska $#Rzeczpospolita Polska $#Polska Rzeczpospolita Ludowa $#Poland $#Pologne $#République Polonaise $#Generalne Gubernatorstwo w Polsce $#Polish People's Republic $#Polska Rzeczpospolita Polen $#PRL $#RP $#Polen Generalgouvernement $#Polska Generalgouvernement $#Besetzte Polnische Gebiete $#Besetztes Gebiet in Polen $#Okupowane Polskie Obszary $#Obszary Okupowane w Polsce $#Volksrepublik Polen $#Polska Rosyjska $#Republic Polen $#Respublika Pol'ša $#Pol'skaja Narodnaja Respublika $#République de Pologne $#Polen Links der Weichsel $#Polska po Lewej Stronie Wisły $#Lenkija $#Polija $#Gubernija Carstva Pol'skago $#Republik Polen $74046496-9 $8--Tg1--Polen $x01 $9085129801 244Z/01 $#Schlesien $#Schlesien $#Herzogtum Schlesien $#Herzogtum Schlesien Schlesien $#Provinz Schlesien $#Śla̜sk $#Slezsko $#Silesia $74052678-1 $8--Tg1--Schlesien $x02 $9085146781 244Z/01 $#Electronic publications $#Publications électroniques $#Elektronische Publikation $#Computerdatei Formschlagwort $#Datei Formschlagwort $#Elektronisches Dokument $#Magnetband Formschlagwort $#Magnetbandkassette Formschlagwort $#Elektronische Ressource $#Digitale Publikation $74514269-5 $8--Ts1--Elektronische Publikation $x21 $9089274407 247C/01 $82080>Marburg/Lahn, Herder-Institut, Forschungsbibliothek, Bibliographieportal $9336309341
| LEADER | 00000caa a2200000 c 4500 | ||
|---|---|---|---|
| 001 | 492090254 | ||
| 003 | DE-603 | ||
| 005 | 20220320220810.0 | ||
| 007 | tu | ||
| 008 | 220320s2018 xx |||| | u00||u|ger c | ||
| 035 | |a (DE-599)HEB492090254 | ||
| 040 | |a DE-603 |b ger |c DE-603 |d DE-603 |e rda | ||
| 041 | |a ger | ||
| 082 | 0 | 4 | |8 1\u |a 370.9438509042 |q DE-101 |2 23/BSB |
| 084 | |a 7,41 |a 8,1 |a 9,10 |2 ssgn | ||
| 085 | |8 1\u |b 370.9 | ||
| 085 | |8 1\u |z 1 |s 09042 | ||
| 085 | |8 1\u |z 2 |s 4385 | ||
| 100 | 1 | |a Schmidt, Jürgen W. |d 1958- |e Verfasser |4 aut |0 (DE-603)180122533 |0 (DE-588)131915118 |2 gnd | |
| 245 | 0 | 0 | |a Eine nicht zustande gekommene Stiftungsprofessur für Wirtschaftsgeographie an der Friedrich-Wilhelms-Universität Breslau 1919-1929 |c Jürgen W. Schmidt, Berlin |
| 264 | 0 | |c 2018 | |
| 336 | |a Text |b txt |2 rdacontent | ||
| 337 | |a ohne Hilfsmittel zu benutzen |b n |2 rdamedia | ||
| 338 | |a Band |b nc |2 rdacarrier | ||
| 600 | 1 | 7 | |a Leonhard, Rudolf |d 1879-1918 |0 (DE-588)124663419 |0 (DE-603)123233992 |2 gnd |
| 648 | 7 | |a Geschichte 1919-1929 |2 gnd | |
| 650 | 7 | |a Stiftungsprofessur |0 (DE-588)7708256-4 |0 (DE-603)224870963 |2 gnd | |
| 650 | 7 | |a Wirtschaftsgeografie |0 (DE-588)4066446-6 |0 (DE-603)085186740 |2 gnd | |
| 650 | 7 | |a Inflation |0 (DE-588)4026887-1 |0 (DE-603)085067601 |2 gnd | |
| 651 | 7 | |a Breslau |0 (DE-588)4008216-7 |0 (DE-603)085014184 |2 gnd | |
| 773 | 0 | 8 | |i Enthalten in |t Schlesische Geschichtsblätter |d Karlstadt : Verein für Geschichte Schlesiens, 1908- |h 24 cm |x 2190-4871 |g Band 45, Heft 3 (2018), Seite 95-106 |w (DE-603)047349034 |w (DE-600)216898-4 |
| 924 | 0 | |9 2080 |a (DE-603)1186835648 |b DE-2080 |c HES |d d |g / |k https://www.vfgs.eu/index.php?cat=Publikationen%20ab%201971&file=Eine_nicht_zustande_gekommene_Stiftungsprofessur_fuer_Wirtschaftsgeographie.pdf | |


